00768cam a22002291i 4500001001300000003000400013005001700017008004100034010001700075035001900092040002300111042001200134050002500146100002900171245001600200260007500216300001800291490003700309440004600346490004800392500009800440ne 68001961 DLC20260227111842.0791221s1963 tu 000 0 tur  ane 68001961  a(OCoLC)5818749 aDLCcAzUdAzUdDLC apremarc00aPL248.B48bZ89 no. 60 aYahya Kemal,d1884-1958.10aRubâiler. a[Yazan]bYahya Kemal.a[İstanbul,bYahya Kemal Enstitüsü]c1963. a47 p.c20 cm.1 aHis Yahya Kemal külliyatı,v3 0aYahya Kemal Enstitüsü yayımları,v60 aİstanbul Fetih Cemiyeti neşriyatı,v50 aBound with Omar Khayyām. Hayyam rubâîlerini Türkçe söyleyiş [İstanbul] 1963.